| 000 | 01545nam a2200409 c 4500 | ||
|---|---|---|---|
| 999 |
_c185218 _d185218 |
||
| 003 | BLK | ||
| 005 | 20240315134818.0 | ||
| 008 | 180411b bul|||||r ||||||| ||bul|| | ||
| 010 | _aKNG00194211000 | ||
| 020 | _a978-954-8483-46-9 | ||
| 040 | _aBLK | ||
| 041 |
_aBUL _cBUL |
||
| 072 | 7 |
_2bullib _aН84 _xБългарска художествена литература Н |
|
| 080 |
_aБългарска литература _b821.163.2 _x-32 _z821.163.2-32 |
||
| 100 | 1 |
_aСтойчев - Хърст, Данаил _eпърви автор _9343748 |
|
| 139 |
_aХърст, Даниел _bХ 96 |
||
| 245 | 1 | 0 |
_aИстории от русенския бряг _bРазкази и новели _cДанаил Стойчев - Хърст; * Данаил Христов Стойчев; * Даниел Хърст. |
| 257 | _aBGR | ||
| 260 |
_bПарнас _c2016 |
||
| 300 |
_a72 с. _bс ил. _c21 см |
||
| 380 | _aX | ||
| 500 | _aДаниел Хърст - псевд. на Данаил Христов Стойчев. | ||
| 653 | _aразкази | ||
| 653 | _aновели | ||
| 659 | _aН | ||
| 700 | 1 |
_aСтойчев, Данаил Христов _e* _9368946 |
|
| 700 | 1 |
_aХърст, Даниел _e* _9368948 |
|
| 852 | _aЦб 282948 | ||
| 852 | _aК 821.163.2/Х 96 Д | ||
| 856 | 4 | _qpdf | |
| 856 | 4 | _qpdf | |
| 942 |
_cKNG _n0 _05 _s1 |
||
| 944 |
_aCR _c21.10.2016 _lМира Стойчева _k30532 |
||
| 944 |
_aED _c28.11.2016 _lф / _kЛюдмила_Стоянова |
||
| 999 | _d185218 | ||
| 999 | _d185218 | ||